| 000 | 00484nam a2200181Ia 4500 | ||
|---|---|---|---|
| 001 | 7603 | ||
| 005 | 20260306160507.0 | ||
| 008 | 260306t2014||||xx |||||||||||||| ||spa|| | ||
| 041 | _aESP | ||
| 082 |
_a352.2 _bD57 |
||
| 100 |
_aDente, Bruno, _eAUT |
||
| 245 | 0 |
_aDecisiones públicas : _banálisis y estudio de los procesos de decisión en políticas públicas |
|
| 260 | _c2014 | ||
| 300 |
_a365 páginas : _c24 cm. |
||
| 650 | _aGEN | ||
| 654 | _aCAN | ||
| 942 |
_cLIB _dJUS _fJUS _2ddc _n |
||
| 999 |
_c7603 _d7603 |
||